000 00573nam a2200205Ia 4500
005 20250508170212.0
008 008 250505s9999 xx 000 0 hin d
020 _a978-81-316-1240-8
037 _aTextBook
040 _aFEDL
_beng
_cFEDL
041 _ahin
_2hin
084 _a370.1, SHA/R
_qFEDL
100 _aSharma B M
245 0 _aSatyagrah ki patthshala: Mahatma Gandhi ke aashram
260 _aJaipur, India
_bRawat Publications
_c2022
300 _axv, 310p.
365 _aINR
_b995
942 _cTB
_h370.1, SHA/R
999 _c1399758
_d1399758